[Event "FSIM April"]
[Site "Budapest HUN"]
[Date "2006.04.03"]
[Round "3"]
[White "Farago,S"]
[Black "Sanches,C"]
[Result "1-0"]
[WhiteElo "2282"]
[BlackElo "2169"]

1.c4 c5 2.Nf3 Nf6 3.g3 b6 4.Bg2 Bb7 5.O-O e6 6.Nc3 Be7 7.Re1 d6 8.e4 Nbd7
9.d4 cxd4 10.Nxd4 Qc7 11.b3 a6 12.Bb2 O-O 13.Rc1 Rfe8 14.f4 Rad8 15.a3 Bf8
16.b4 e5 17.Nd5 Qb8 18.Nf5 Nxd5 19.cxd5 b5 20.Qg4 g6 21.Kh1 Rc8 22.Rf1 Rxc1
23.Rxc1 Qd8 24.fxe5 Nxe5 25.Bxe5 Rxe5 26.Nd4 Qe8 27.h4 Bg7 28.Nc6 Bc8 29.Qf4 Bd7
30.Nxe5 Bxe5 31.Qf3 h5 32.Rc7 Bg4  1-0

[Event "Liguilla Absoluta"]
[Site "Lima PER"]
[Date "2006.04.04"]
[Round "6"]
[White "Nina,M"]
[Black "Ramos,Er"]
[Result "0-1"]
[WhiteElo "2333"]
[BlackElo "2274"]

1.Nf3 Nf6 2.g3 b6 3.Bg2 Bb7 4.O-O c5 5.c4 e6 6.Nc3 Be7 7.b3 O-O 8.Bb2 d5
9.cxd5 Nxd5 10.d4 Nxc3 11.Bxc3 Bf6 12.Rc1 Na6 13.dxc5 Nxc5 14.b4 Ne4 15.Bxf6 Nxf6
16.Qa4 Qe7 17.Nd4 Bxg2 18.Kxg2 e5 19.Nc6 Qe6 20.Rc2 Rfe8 21.Qa6 h5 22.Qc4 Qf5
23.h4 Re6 24.b5 Rae8 25.Nxa7 Nd5 26.e3 g5 27.hxg5 e4 28.Qe2 Qxg5 29.Rh1 Nf6
30.Rc6 Ng4 31.a4 Re5 32.Rc2 Rf5 33.Qe1 Rf3 34.Nc6 Rxe3 35.Re2 Rf3 36.Nd4 Qd5  0-1

[Event "TCh-HUN 2005-6"]
[Site "Hungary HUN"]
[Date "2006.04.09"]
[Round "10"]
[White "Kovacs,Zs1"]
[Black "Lorincz,I"]
[Result "1/2-1/2"]
[WhiteElo "2320"]
[BlackElo "2348"]

1.c4 Nf6 2.Nf3 e6 3.g3 b6 4.Bg2 Bb7 5.O-O c5 6.b3 Be7 7.Bb2 O-O 8.Nc3 d6
9.d4 cxd4 10.Qxd4 a6 11.Rfd1 Nbd7 12.Ng5 Bxg2 13.Kxg2 Qc7 14.Nce4 Qb7 15.f3 h6
16.Nh3 Ne8 17.a3 Nc5 18.Nxc5 bxc5 19.Qc3 Rb8 20.Rd3 d5 21.cxd5 Bf6 22.Qd2 c4
23.Re3 Bxb2 24.Qxb2 exd5 25.Qd4 cxb3 26.Rb1 b2 27.Rd3 Nf6  1/2-1/2

[Event "CCF Easter"]
[Site "Coulsdon ENG"]
[Date "2006.04.14"]
[Round "2"]
[White "Snape,I"]
[Black "Khantuev,A"]
[Result "1-0"]
[WhiteElo "2227"]
[BlackElo "2286"]

1.c4 c5 2.Nf3 b6 3.g3 Bb7 4.Bg2 Nf6 5.O-O e6 6.Nc3 Be7 7.Re1 a6 8.e4 d6 9.d4 cxd4
10.Nxd4 Qc7 11.Be3 O-O 12.Rc1 Nbd7 13.f4 Rfe8 14.Nd5 exd5 15.cxd5 Qb8 16.Nc6 Bxc6
17.dxc6 Nc5 18.e5 dxe5 19.c7 Qxc7 20.Bxa8 Rxa8 21.b4 exf4 22.Bxf4 Qb7 23.bxc5 Bxc5+
24.Be3 Bb4 25.Rf1 Re8 26.Qf3 Qxf3 27.Rxf3 Nd5 28.Bf2 h5 29.Rd3 Re5 30.a3 Be7
31.Rcd1 Nf6 32.Bxb6 Re2 33.a4 Ra2 34.Rd4 Ng4 35.R1d2 Ra1+ 36.Kg2 Bg5 37.Re2 Kh7
38.Rd5 Kh6 39.Ra5 g6 40.Rxa6 f5 41.h3  1-0

[Event "XIII TCh-RUS"]
[Site "Sochi RUS"]
[Date "2006.04.28"]
[Round "9"]
[White "Kurnosov,I"]
[Black "Khairullin,I"]
[Result "1/2-1/2"]
[WhiteElo "2526"]
[BlackElo "2544"]

1.Nf3 Nf6 2.c4 c5 3.g3 b6 4.Bg2 Bb7 5.O-O e6 6.Nc3 Be7 7.Re1 d6 8.e4 O-O
9.d4 cxd4 10.Nxd4 Qc8 11.Be3 a6 12.f4 Nbd7 13.Bf2 g6 14.Rc1 Ra7 15.Qe2 Re8
16.a4 Ba8 17.a5 Rb7 18.e5 dxe5 19.fxe5 Nh5 20.axb6 Rxb6 21.c5 Nxc5 22.Ne4 Qc7
23.Rc2 Bxe4 24.Bxe4 Qxe5 25.Nc6 Qxe4 26.Nxe7+ Rxe7 27.Qxe4 Nxe4 28.Bxb6 f5
29.Ra1 Nhf6 30.Rxa6 Nd5 31.Ra7 Kf7 32.Bd4 g5 33.Rxe7+ Kxe7 34.Be5 Kd7 35.b3 h5
36.Ra2 Nc5 37.Ra7+ Kc6 38.Rh7 Nxb3 39.Rxh5 Nd2 40.Rh6 Kd7 41.Rh7+  1/2-1/2

[Event "Geller Mem"]
[Site "Moscow RUS"]
[Date "2006.05.04"]
[Round "1"]
[White "Saulin,D"]
[Black "Amonatov,F"]
[Result "0-1"]
[WhiteElo "2471"]
[BlackElo "2569"]

1.c4 Nf6 2.Nf3 e6 3.g3 b6 4.Bg2 Bb7 5.O-O c5 6.Nc3 Be7 7.Re1 a6 8.e4 d6 9.b3 O-O
10.d4 cxd4 11.Nxd4 Qc7 12.Bb2 Nbd7 13.Qe2 Rfe8 14.Rad1 Rac8 15.f4 g6 16.e5 dxe5
17.fxe5 Nh5 18.Bxb7 Qxb7 19.Ne4 Nxe5 20.Nf3 Ng4 21.Nfg5 Nh6 22.g4 Nf4 23.Qf2 e5
24.Bxe5 Nxg4 25.Qxf4 Nxe5 26.Qxe5 Bxg5 27.Qxg5 Rxe4 28.Rd8+ Kg7 29.Rxe4 Rxd8
30.Qxd8 Qxe4 31.Qxb6 Qb1+ 32.Kg2 Qxa2+ 33.Kg3 Qd2 34.c5 Qe3+ 35.Kg2 h5 36.Qd6 Qg5+
37.Kh1 Qf6  0-1

[Event "4th TCh-SCG"]
[Site "Vrnjacka Banja SCG"]
[Date "2006.05.05"]
[Round "5"]
[White "Tadic,B"]
[Black "Pikula,D"]
[Result "1/2-1/2"]
[WhiteElo "2501"]
[BlackElo "2537"]

1.Nf3 Nf6 2.c4 c5 3.g3 b6 4.Bg2 Bb7 5.O-O e6 6.Nc3 Be7 7.d4 cxd4 8.Qxd4 d6
9.Bg5 a6 10.Bxf6 Bxf6 11.Qf4 Bxf3 12.Bxf3 Ra7 13.Rad1 Rd7 14.Rd3 O-O 15.Rfd1  1/2-1/2

[Event "Hollinberger Mem"]
[Site "Indianapolis USA"]
[Date "2006.05.13"]
[Round "3"]
[White "Van de Mortel,J"]
[Black "Margvelashvili,G"]
[Result "1/2-1/2"]
[WhiteElo "2412"]
[BlackElo "2441"]

1.Nf3 Nf6 2.c4 c5 3.g3 b6 4.Bg2 Bb7 5.O-O e6 6.Nc3 Be7 7.Re1 d6 8.e4 a6 9.d4 cxd4
10.Nxd4 Qc7 11.Be3 Nbd7 12.Rc1  1/2-1/2

[Event "9th L.Kaplun Mem"]
[Site "Ternopil UKR"]
[Date "2006.05.29"]
[Round "9"]
[White "Stopkin,V"]
[Black "Kachur,A"]
[Result "0-1"]
[WhiteElo "2310"]
[BlackElo "2261"]

1.c4 Nf6 2.Nf3 e6 3.g3 b6 4.Bg2 Bb7 5.O-O c5 6.b3 Be7 7.Bb2 d5 8.e3 dxc4
9.bxc4 O-O 10.Nc3 Nc6 11.Qe2 Qc7 12.Rfd1 a6 13.Rab1 Rfd8 14.Ba1 Rab8 15.Ne1 Na7
16.Bxb7 Rxb7 17.f4 Rdb8 18.Nf3 b5 19.d3 Nc6 20.cxb5 axb5 21.a4 b4 22.Nb5 Qa5
23.Ne5 Nxe5 24.Bxe5 Rd8 25.Ra1 Rbd7 26.h3 Nd5 27.e4 Nb6 28.Qc2 c4 29.dxc4 Rxd1+
30.Rxd1 Rxd1+ 31.Qxd1 Nxc4 32.Bxg7 Kxg7 33.Qd4+ Kh6 34.Qxc4 b3 35.Qxb3 Qe1+
36.Kg2 Qe2+ 37.Kh1 Qf3+ 38.Kh2 Qe2+ 39.Kh1 Qxe4+ 40.Kg1 Qe1+ 41.Kg2 Qe2+
42.Kh1 Qf1+ 43.Kh2 Bc5 44.h4 Bg1+ 45.Kh1 Bf2+ 46.Kh2 Qg1+ 47.Kh3 Qh1+  0-1

[Event "TCh-NOR"]
[Site "Oslo NOR"]
[Date "2006.06.07"]
[Round "1"]
[White "Tisdall,J"]
[Black "Storland,K"]
[Result "1/2-1/2"]
[WhiteElo "2437"]
[BlackElo "2258"]

1.Nf3 c5 2.c4 Nf6 3.g3 b6 4.Bg2 Bb7 5.O-O e6 6.Nc3 Be7 7.Re1 d5 8.cxd5 Nxd5
9.e4 Nb4 10.d4 cxd4 11.Nxd4 N8c6 12.Nxc6 Bxc6 13.Qe2 O-O 14.a3 Nd3 15.Rd1 Nxc1
16.Raxc1 Qe8 17.e5 Bxg2 18.Kxg2 Rd8 19.Qe4 Rxd1 20.Rxd1 Qc8 21.Qa4 a6 22.Qd7 Qa8+
23.f3 Re8 24.Qc7 Bd8 25.Qd6 b5 26.Ne4 Be7 27.Qc7 Rd8 28.Nd6 Kf8 29.b4 Qb8
30.Qxb8 Rxb8 31.Rc1 Bxd6 32.exd6 Ke8 33.Rc6 Ra8 34.Rb6 e5 35.f4 exf4 36.gxf4 g6
37.Rb7 Rd8 38.Rb6 Ra8 39.Kf3 Kd7 40.Ke4 Ke6 41.Kd4 Rc8 42.Rxa6 Rc4+ 43.Ke3 Rc3+
44.Kd4 Rc4+ 45.Ke3  1/2-1/2

[Event "Open"]
[Site "Teplice CZE"]
[Date "2006.06.18"]
[Round "2"]
[White "Vokac,M"]
[Black "Bujak,M"]
[Result "1-0"]
[WhiteElo "2455"]
[BlackElo "2198"]

1.Nf3 Nf6 2.c4 b6 3.g3 Bb7 4.Bg2 e6 5.O-O c5 6.Nc3 Be7 7.Re1 O-O 8.e4 d6
9.d4 cxd4 10.Nxd4 Qc7 11.Be3 a6 12.Rc1 Nbd7 13.b3 Rac8 14.g4 Nc5 15.f3 h6
16.Qd2 Rfe8 17.Nde2 Qb8 18.Ng3 b5 19.cxb5 axb5 20.b4 Ncd7 21.Nxb5 d5 22.Ba7 Qa8
23.Bf2 Qa4 24.Nc7 Bxb4 25.Qd1 Qxd1 26.Rexd1 Red8 27.Rb1 Rxc7 28.Rxb4 Rdc8
29.Nf1 dxe4 30.fxe4 Nxg4 31.Bg3 e5 32.Bh3 Ndf6 33.Bxg4 Nxg4 34.h3 Nf6 35.Bxe5 Re7
36.Bxf6 gxf6 37.Ng3 Rc2 38.Nf5 Rxe4 39.Rxb7 Ree2 40.Nxh6+ Kg7 41.Nf5+ Kg6
42.Nh4+ Kg5 43.Rb4  1-0

[Event "Open A"]
[Site "Voronezh RUS"]
[Date "2006.06.21"]
[Round "9"]
[White "Citak,S"]
[Black "Turkin,V"]
[Result "1/2-1/2"]
[WhiteElo "2258"]
[BlackElo "2296"]

1.Nf3 Nf6 2.c4 b6 3.g3 Bb7 4.Bg2 c5 5.O-O e6 6.Nc3 Be7 7.d4 cxd4 8.Qxd4 Nc6
9.Qf4 d6 10.Rd1 a6 11.b3 Qc7 12.Ba3 Ne5 13.Nxe5 dxe5 14.Qc1 Bxg2 15.Kxg2 O-O
16.Bxe7 Qxe7 17.Qe3 Qc7 18.f3 Rfd8 19.Rxd8+ Rxd8 20.Rd1 Rxd1 21.Nxd1 Qd6
22.Nc3 h6 23.Ne4 Nxe4 24.Qxe4 a5 25.Kf2  1/2-1/2

[Event "II Open"]
[Site "Sort ESP"]
[Date "2006.06.27"]
[Round "2"]
[White "Karavade,E"]
[Black "Roeder,M"]
[Result "1/2-1/2"]
[WhiteElo "2332"]
[BlackElo "2403"]

1.Nf3 Nf6 2.c4 b6 3.g3 c5 4.Bg2 Bb7 5.O-O e6 6.Nc3 Be7 7.Re1 Ne4 8.Nxe4 Bxe4
9.d3 Bb7 10.e4 Nc6 11.d4 cxd4 12.Nxd4 Nxd4 13.Qxd4 O-O 14.Bf4 Bc5 15.Qd3 Qe7  1/2-1/2

[Event "Midnight Sun"]
[Site "Tromso NOR"]
[Date "2006.06.27"]
[Round "4"]
[White "Kvisla,J"]
[Black "Esbensen,Ar"]
[Result "1-0"]
[WhiteElo "2026"]
[BlackElo "2244"]

1.Nf3 Nf6 2.g3 b6 3.Bg2 Bb7 4.c4 c5 5.O-O e6 6.Nc3 d6 7.d4 cxd4 8.Qxd4 a6
9.Be3 Nbd7 10.Ng5 Bxg2 11.Kxg2 Qc7 12.Nge4 b5 13.cxb5 axb5 14.Nxf6+ Nxf6
15.f3 Qb7 16.Bg5 Nd7 17.b4 h6 18.Be3 Be7 19.Qd3 Ne5 20.Qxb5+ Qxb5 21.Nxb5 Kd7
22.Rfc1 Rhb8 23.a4 Nc6 24.Nc7 Kxc7 25.b5 Kd7 26.bxc6+ Kc7 27.a5 Rb2 28.Bb6+ Kc8
29.Kf1 d5 30.Rab1 Ra2 31.Bd4 Bf6 32.Bxf6 gxf6 33.Rb7 R8xa5 34.Rxf7 Ra1 35.Rxa1 Rxa1+
36.Kf2 Rc1 37.Rxf6 Rxc6 38.Rxh6 Kd7 39.h4 Rc2 40.Rh7+ Kd6 41.Ra7  1-0

[Event "34th World Open"]
[Site "Philadelphia USA"]
[Date "2006.06.29"]
[Round "2"]
[White "Maltese,A"]
[Black "Ftacnik,L"]
[Result "1/2-1/2"]
[WhiteElo "2193"]
[BlackElo "2597"]

1.Nf3 Nf6 2.c4 c5 3.g3 b6 4.Bg2 Bb7 5.O-O e6 6.b3 Be7 7.Bb2 O-O 8.Nc3 a6
9.d4 cxd4 10.Qxd4 d6 11.Rad1 Nbd7 12.e4 Qc7 13.Rfe1 Rad8 14.h3 Rfe8 15.Qe3 Bf8
16.Nd4 g6 17.f4 e5 18.Nde2 d5 19.fxe5 Bc5 20.Nd4 Qxe5 21.Nxd5 Bxd5 22.cxd5 Nxd5
23.Qf2 Nb4 24.Rf1 Qe7 25.Kh1 Ne5 26.Qe2 Rd6 27.Nc2 Nxc2 28.Qxc2 Red8 29.Rd5 f6
30.g4 Rxd5 31.exd5 Bd6 32.g5 fxg5 33.Re1 Re8 34.Bd4 b5 35.Re3 Qf7 36.Qe2 Rc8
37.Qe1 Qf4 38.Re4 Rc1 39.Rxf4 Rxe1+ 40.Rf1 Rxf1+ 41.Bxf1 Nf3 42.Bb6 Kf7 43.a4 Nd2
44.axb5 axb5 45.Bxb5 Nxb3 46.Kg2 Ke7 47.Bd3 Bc5 48.Bc4 Bxb6 49.Bxb3 Kd6 50.Kf3 Ke5
51.d6 Kxd6 52.Bg8 Ke7 53.Bxh7 Kf7 54.Kg4 Bd8 55.Bxg6+ Kxg6 56.h4  1/2-1/2

[Event "White Nights Open"]
[Site "St Petersburg RUS"]
[Date "2006.06.29"]
[Round "7"]
[White "Nester,I"]
[Black "Turikov,V"]
[Result "0-1"]
[WhiteElo "2417"]
[BlackElo "2340"]

1.Nf3 e6 2.c4 Nf6 3.g3 b6 4.Bg2 Bb7 5.O-O c5 6.Nc3 Be7 7.Re1 d6 8.e4 O-O
9.d4 cxd4 10.Nxd4 Qc8 11.Be3 Nbd7 12.f4 Rd8 13.Rc1 a6 14.Bf2 Qc7 15.f5 e5
16.Nd5 Nxd5 17.cxd5 Nc5 18.b4 exd4 19.Bxd4 Bg5 20.Rc2 Qe7 21.bxc5 bxc5 22.Bc3 Bf6
23.Qa1 Bxc3 24.Qxc3 Re8 25.Rb1 Bc8 26.Rf2 f6 27.Rb6 Bd7 28.Qa5 Bb5 29.a4 Bd3
30.Qc3 Bxe4 31.Re2 Qd8 32.Reb2 Bxf5 33.Rc6 Qe7 34.Rbb6 Qe2 35.Bf3 Qa2 36.Rxd6 Qxa4
37.Qxc5 Qa1+ 38.Kg2 Qa2+ 39.Qf2 Bh3+  0-1

[Event "3rd South Wales Int"]
[Site "Caerleon WLS"]
[Date "2006.07.08"]
[Round "1"]
[White "White,K"]
[Black "Broomfield,M"]
[Result "1/2-1/2"]
[WhiteElo "2070"]
[BlackElo "2325"]

1.Nf3 Nf6 2.c4 b6 3.g3 Bb7 4.Bg2 e6 5.O-O c5 6.Nc3 Be7 7.e3 d5 8.b3 O-O 9.Bb2 Na6
10.cxd5 exd5 11.d4 Nc7 12.Rc1 Re8 13.dxc5 bxc5 14.Na4 Ne6 15.Bxf6 gxf6 16.Nh4 Rb8
17.Nf5 d4  1/2-1/2

[Event "35th TCh-GRE"]
[Site "Ermioni GRE"]
[Date "2006.07.08"]
[Round "7"]
[White "Topalidis,K"]
[Black "Karayannis,A"]
[Result "0-1"]
[WhiteElo "2130"]
[BlackElo "2380"]

1.Nf3 Nf6 2.c4 e6 3.g3 b6 4.Bg2 Bb7 5.O-O c5 6.Nc3 Be7 7.d4 cxd4 8.Nxd4 Bxg2
9.Kxg2 O-O 10.Bf4 Qc8 11.Rc1 d6 12.Ndb5 a6 13.Na3 Rd8 14.e4 Qb7 15.f3 Nc6
16.Rf2 Rac8 17.Nc2 Ne5 18.Bxe5 dxe5 19.Qe2 Nd7 20.Rd1 Nb8 21.Rxd8+ Rxd8 22.f4 Nc6
23.fxe5 Nxe5 24.Rf1 Qc6 25.Ne3 Bb4 26.Rd1 Rc8 27.Rd4 Bc5 28.Rd1 Bxe3 29.Qxe3 Nxc4
30.Qd4 h6 31.b3 Na3 32.Na4 Nc2 33.Qxb6 Qxe4+ 34.Kh3 Ne3 35.Rd8+ Kh7 36.Qxe3 Qf5+
37.Kg2 Rxd8 38.Nc5 Rd1 39.Qe4 Rd2+  0-1

[Event "3rd South Wales Int"]
[Site "Caerleon WLS"]
[Date "2006.07.10"]
[Round "4"]
[White "Cox,Tr"]
[Black "Broomfield,M"]
[Result "1/2-1/2"]
[WhiteElo "2062"]
[BlackElo "2325"]

1.Nf3 b6 2.g3 Bb7 3.Bg2 c5 4.c4 Nf6 5.O-O e6 6.Nc3 Be7 7.Re1 a6 8.e4 d6 9.d4 cxd4
10.Nxd4 Qc7 11.Be3 Nbd7 12.Rc1 O-O 13.Nd5 exd5 14.cxd5 Qd8 15.Nc6 Bxc6 16.dxc6 Nc5
17.b4 Ne6 18.c7 Qc8 19.e5 dxe5 20.Bxa8 Qxa8 21.Bxb6 e4 22.Qc2 Rc8 23.Qa4 Qb7
24.Ba5 Nd4 25.Re3 h5 26.Rc4 Qd5 27.Rxd4 Qxd4 28.Qc6 Ng4 29.Qxe4 Bf6 30.Qxd4 Bxd4
31.Rd3 Ne5 32.Rd1 Nc6 33.a4 Kf8 34.b5 axb5 35.Bb4+ Nxb4 36.Rxd4 Nc6 37.axb5 Rxc7  1/2-1/2

[Event "16th Heart of Finland Open"]
[Site "Jyvaskyla FIN"]
[Date "2006.07.12"]
[Round "3"]
[White "Parkkinen,J"]
[Black "Akesson,R"]
[Result "0-1"]
[WhiteElo "2226"]
[BlackElo "2449"]

1.Nf3 c5 2.c4 Nf6 3.g3 b6 4.Bg2 Bb7 5.O-O e6 6.Nc3 Be7 7.b3 O-O 8.Bb2 a6
9.d4 cxd4 10.Nxd4 Bxg2 11.Kxg2 Qc8 12.Qd3 d6 13.Kg1 Ra7 14.Rfd1 Nbd7 15.Ne4 Rc7
16.Rac1 Qb7 17.Nxf6+ Nxf6 18.Nf3 Ne4 19.h4 Rfc8 20.Nd2 Nc5 21.Qc3 Bf8 22.Qf3 Qxf3
23.Nxf3 Be7 24.Nd4 f5 25.e3 Kf7 26.Rc2 Nd7 27.Rcd2 g6 28.Nf3 h6 29.Rxd6 Bxd6
30.Rxd6 Rb7 31.Nd4 Nc5 32.Nc6 Nd7 33.Nd4 Re8 34.f4 b5 35.cxb5 axb5 36.Nc6 Ra8
37.a3 Rc7 38.Nd4 Nf8 39.Nxb5 Rc2 40.Bd4 Rac8 41.Kf1 g5 42.h5 gxf4 43.gxf4 Rh2
44.Nc3 Rd2 45.Rb6 Rxd4 46.exd4 Rxc3 47.a4 Nd7 48.Rb7 Ke7 49.a5 Kd6 50.a6 Rc1+
51.Kg2 Ra1 52.a7 Kc6 53.Rb8 Rxa7 54.Rh8 Kd6 55.Rxh6 Ra8  0-1

[Event "6th TCh-Euro u18 Girls"]
[Site "Balatonlelle HUN"]
[Date "2006.07.18"]
[Round "7"]
[White "Toth,Sar"]
[Black "Bojovic,J"]
[Result "0-1"]
[WhiteElo "2105"]
[BlackElo "1957"]

1.Nf3 c5 2.c4 Nf6 3.g3 b6 4.Bg2 Bb7 5.O-O e6 6.Nc3 a6 7.d4 cxd4 8.Qxd4 d6
9.b3 Be7 10.Bb2 Nbd7 11.e4 Qc7 12.Qe3 O-O 13.Nd4 Rac8 14.Kh1 Qc5 15.Rad1 Qh5
16.h3 g5 17.f4 gxf4 18.gxf4 Kh8 19.Nf3 Rg8 20.Qe2 h6 21.Nd4 Qh4 22.Qf2 Qh5
23.Nf3 Rg7 24.Qh4 Qg6 25.Qf2 Qh5 26.Nd2 Rcg8 27.Rg1 d5 28.Ne2 Bc5 29.Bd4 Bxd4
30.Nxd4 Rxg2 31.Rxg2 Rxg2 32.Kxg2 Qxd1 33.cxd5 exd5 34.e5 Ne4 35.Nxe4 dxe4
36.Qe3 Qd3  0-1

[Event "3rd ACT"]
[Site "Amsterdam NED"]
[Date "2006.07.19"]
[Round "5"]
[White "Siebrecht,S"]
[Black "Spoelman,W"]
[Result "1-0"]
[WhiteElo "2414"]
[BlackElo "2461"]

1.Nf3 Nf6 2.c4 e6 3.g3 b6 4.Bg2 Bb7 5.O-O c5 6.Nc3 Be7 7.Re1 d6 8.e4 a6 9.d4 cxd4
10.Nxd4 Qc7 11.Be3 Nbd7 12.Rc1 O-O 13.f4 Rfe8 14.g4 Nc5 15.Bf2 g6 16.b4 Rad8
17.Qe2 Ncd7 18.Bg3 Bf8 19.e5 Bxg2 20.Kxg2 Qb7+ 21.Qf3 Qxf3+ 22.Kxf3 dxe5
23.fxe5 Nb8 24.exf6 Rxd4 25.Nd5 Rd3+ 26.Ke4 Rxg3 27.hxg3 exd5+ 28.Kd3 dxc4+
29.Kxc4 b5+ 30.Kb3 Rxe1 31.Rxe1 Nc6 32.Re8 a5 33.bxa5 Nxa5+ 34.Kc3 b4+ 35.Kd3 Nb7
36.Kd4 Na5 37.Ra8 h6 38.Rxa5 Bd6 39.Ra8+ Kh7 40.Ra7 Kg8 41.Rb7 Bxg3 42.Rxb4 Bh4
43.Ke5 Bg3+ 44.Ke4  1-0

[Event "Summer Cup"]
[Site "Litohoro GRE"]
[Date "2006.07.25"]
[Round "4"]
[White "Pantovic,D"]
[Black "Kulicov,O"]
[Result "0-1"]
[WhiteElo "2192"]
[BlackElo "2402"]

1.Nf3 c5 2.c4 Nf6 3.g3 b6 4.Bg2 Bb7 5.O-O e6 6.Nc3 Be7 7.b3 O-O 8.Bb2 d6
9.e3 Nbd7 10.d4 cxd4 11.Nxd4 Bxg2 12.Kxg2 Qc8 13.Rc1 Rd8 14.Qf3 Ne5 15.Qe2 Qb7+
16.Kg1 Rac8 17.f4 Nc6 18.f5 Qd7 19.fxe6 fxe6 20.Nxc6 Rxc6 21.Nb5 Rcc8 22.Rcd1 d5
23.Nd4 dxc4 24.Nf5 Qe8 25.Nxe7+ Qxe7 26.Bxf6 gxf6 27.Rxd8+ Qxd8 28.Qg4+ Kh8
29.bxc4 f5 30.Qe2 Qc7 31.Rc1 Qe5 32.Qd2 Kg8 33.Kf2 Qc7 34.e4 Qc5+ 35.Qe3 fxe4
36.Qxc5 Rxc5 37.Ke3 Kf7 38.Kxe4 e5 39.Rf1+ Ke6 40.Kd3 Ra5 41.Ra1 Ra3+ 42.Kc2 e4
43.Re1 Ke5 44.Kb2 Rf3 45.Rd1 Rf2+ 46.Kc3 Rxh2 47.Rd7 Rxa2 48.Re7+ Kf5 49.Rxh7 Ra3+
50.Kd2 Ke5 51.Rd7 Rxg3 52.Rxa7 Kd4 53.Rc7 Rg2+ 54.Kd1 Kd3 55.Ke1 e3 56.Rd7+ Kxc4
57.Re7 Rg3 58.Ke2 b5 59.Rc7+ Kb3 60.Rb7 b4 61.Rb8 Kc3 62.Rc8+ Kb2 63.Rc7 b3
64.Rc8 Kb1 65.Rb8 b2 66.Ra8 Rg2+ 67.Kxe3 Kc1  0-1

[Event "Czech Open A"]
[Site "Pardubice CZE"]
[Date "2006.07.26"]
[Round "6"]
[White "Lyanguzov,O"]
[Black "Nechepurenko,R"]
[Result "1-0"]
[WhiteElo "2355"]
[BlackElo "2463"]

1.c4 c5 2.Nf3 Nf6 3.g3 b6 4.Bg2 Bb7 5.O-O e6 6.Nc3 Be7 7.d4 cxd4 8.Qxd4 O-O
9.Bg5 h6 10.Bxf6 Bxf6 11.Qf4 Bxc3 12.bxc3 Na6 13.Rfd1 Nc5 14.Ne5 Bxg2 15.Kxg2 Qe7
16.Rd2 Rac8 17.Rad1 Rfd8 18.Nf3 f6 19.Nd4 d5 20.cxd5 Rxd5 21.c4 Rd7 22.Qf3 Qf7
23.Nb5 Rxd2 24.Rxd2 Qe7 25.Qa3 a6 26.Nc3 Qb7+ 27.f3 Qc6 28.Qb4 Kf7 29.e4 Rc7
30.Ne2 Rd7 31.Rxd7+ Nxd7 32.Nd4 Qc7 33.Nb3 Qe5 34.Kf2 a5 35.Qd2 Ke7 36.Ke3 Qc7
37.Qd4 Qc6 38.h4 Qa4 39.c5 Qxa2 40.Qd6+ Ke8 41.Qxe6+ Kd8 42.cxb6 Ne5 43.Qg8+ Kd7
44.Qxg7+ Kc6 45.Nd4+ Kc5 46.Qf8+  1-0

[Event "10th Battle of Senta 1697 Open"]
[Site "Senta SCG"]
[Date "2006.07.27"]
[Round "8"]
[White "Bantic,M"]
[Black "Nestorovic,L"]
[Result "0-1"]
[WhiteElo "2225"]
[BlackElo "2017"]

1.c4 c5 2.Nf3 b6 3.g3 Bb7 4.Bg2 e6 5.O-O Nf6 6.Nc3 Be7 7.b3 d6 8.Bb2 O-O
9.e3 a6 10.d4 cxd4 11.exd4 d5 12.Rc1 dxc4 13.bxc4 Nbd7 14.Qe2 Qc7 15.d5 e5
16.Ne4 Nxe4 17.Qxe4 f6 18.Nh4 Nc5 19.Qc2 Rfe8 20.Rfd1 Bf8 21.Ba3 Rab8 22.Nf5 g6
23.Nh4 f5 24.Nf3 Bc8 25.Rb1 Bd7 26.Qe2 Ba4 27.Re1 e4 28.Nd4 Nd3 29.Bxf8 Nxe1
30.Rxe1 Kxf8 31.Ne6+ Rxe6 32.dxe6 Ke7 33.f3 Qc5+ 34.Kh1 e3 35.Qd3 Rd8 36.Qc3 Kxe6
37.Rxe3+ Kf7 38.Re1 Rd4 39.Bf1 Bc6 40.Qe3 Qd6 41.Be2 Bd7 42.Kg2 Bc6 43.Kf2 Bd7
44.Rb1 Qc5 45.a3 Be6 46.Re1 Rd6 47.f4 Qxe3+ 48.Kxe3 Ke7 49.Rc1 Bd7 50.c5 Re6+
51.Kd2 b5 52.Bf3 Bc6 53.Bxc6 Rxc6 54.Kd3 Kd7 55.Rc3 Re6 56.Kc2 Re2+ 57.Kb3 Kc6
58.h4 a5 59.Rd3 a4+ 60.Kb4 Rb2+ 61.Ka5 Rb3 62.Rd8 Kxc5 63.Rh8 Rxa3 64.Rxh7 Rxg3
65.Rc7+ Kd4 66.Kxb5 a3 67.Ra7 Ke4 68.Ra4+ Kf3 69.Kc5 Kg4 70.Kd5 Kxh4 71.Ke5 Kg4
72.Kf6 Kh5 73.Ke5 Re3+ 74.Kf6 Rf3 75.Ke5 Kg4 76.Ra6 Re3+ 77.Kf6 Kxf4 78.Ra4+ Re4
79.Rxa3 Kg4 80.Ra5 Rc4 81.Ke5 Kg5 82.Ra8 Re4+  0-1

[Event "Open"]
[Site "Stare Mesto CZE"]
[Date "2006.08.15"]
[Round "6"]
[White "Schulz,Jo"]
[Black "Svana,P"]
[Result "1/2-1/2"]
[WhiteElo "2259"]
[BlackElo "2168"]

1.Nf3 Nf6 2.g3 b6 3.Bg2 Bb7 4.O-O c5 5.c4 e6 6.Nc3 Be7 7.Re1 a6 8.e4 d6 9.d4 cxd4
10.Nxd4 Qc7 11.Be3 Nbd7 12.Rc1 O-O 13.f4 Rac8 14.f5 Ne5 15.b3 Nfg4 16.Bf4 exf5
17.Nd5 Bxd5 18.cxd5 Qa7 19.h3 g5 20.Rxc8 Rxc8 21.hxg4 gxf4 22.gxf4 Nxg4 23.exf5 h5
24.Bf3 b5 25.Bxg4 Bf6 26.Bxh5 Qxd4+  1/2-1/2

[Event "Open"]
[Site "Stare Mesto CZE"]
[Date "2006.08.17"]
[Round "8"]
[White "Lubczynski,R"]
[Black "Damia,A"]
[Result "1-0"]
[WhiteElo "2361"]
[BlackElo "2237"]

1.Nf3 Nf6 2.g3 b6 3.Bg2 Bb7 4.O-O e6 5.c4 c5 6.Nc3 Be7 7.d4 cxd4 8.Qxd4 O-O
9.Bg5 d5 10.Ne5 Nc6 11.Nxc6 Bxc6 12.Rfd1 Qc8 13.cxd5 Nxd5 14.Bxe7 Nxe7 15.Bxc6 Nxc6
16.Qe4 Ne7 17.Rac1 Qa6 18.Rd7 Nf5 19.Rcd1 h5 20.h3 Rac8 21.a4 Qa5 22.R1d3 Nh6
23.Kg2 Qg5 24.Rxa7 Qc1 25.Qb4 h4 26.g4 Rc5 27.a5  1-0

[Event "Canadian Closed zt"]
[Site "Toronto CAN"]
[Date "2006.08.18"]
[Round "1"]
[White "Dougherty,M"]
[Black "Siddeley,H"]
[Result "1-0"]
[WhiteElo "2186"]
[BlackElo "2010"]

1.Nf3 c5 2.c4 e6 3.g3 b6 4.Bg2 Bb7 5.O-O Nf6 6.Nc3 a6 7.Re1 d6 8.e4 Nbd7
9.d4 cxd4 10.Nxd4 Be7 11.e5 dxe5 12.Nxe6 fxe6 13.Bxb7 Ra7 14.Bg2 Rc7 15.Be3 Qc8
16.Qb3 Ng4 17.Bh3 Nxe3 18.Rxe3 Bc5 19.Ne4 O-O 20.Bxe6+ Kh8 21.Nxc5 Nxc5 22.Bxc8 Nxb3
23.axb3 Rfxc8 24.Rxa6 b5 25.cxb5 Rc5 26.Rc3 h6 27.Rc6  1-0

[Event "Petrovskaja Ladja A1"]
[Site "Peterhof RUS"]
[Date "2006.08.20"]
[Round "11"]
[White "Kosarev,D"]
[Black "Zhidkov,V"]
[Result "1/2-1/2"]
[WhiteElo "2173"]
[BlackElo "2416"]

1.Nf3 Nf6 2.c4 e6 3.g3 b6 4.Bg2 Bb7 5.O-O c5 6.Nc3 Be7 7.Re1 d5 8.cxd5 exd5
9.d4 O-O 10.dxc5 Bxc5 11.Nd4 Ne4 12.Be3 Nd7 13.Qa4 Nxc3 14.bxc3 Nf6 15.Bg5 h6
16.Bxf6 Qxf6 17.e3 a6 18.Qb3 Rfd8 19.Rad1 Qe5 20.Rd2 Rd6 21.Red1 Rad8 22.Ne2 Bc6
23.Nd4 Bb7 24.Qb1 Bc8 25.Bf3 Qf6 26.Bg2 Bg4 27.Rc1 Ba3 28.Re1 Bc5 29.Qb3 Qe5
30.Qa4 Bc8 31.Bf1 Qe8 32.Qxe8+ Rxe8 33.Be2 g6 34.Red1 Red8 35.Nb3 Ba3 36.Bf3  1/2-1/2

[Event "3rd Dato Arthur Tan"]
[Site "Kuala Lumpur MAS"]
[Date "2006.08.21"]
[Round "2"]
[White "Karavade,E"]
[Black "Nguyen Anh Dung"]
[Result "0-1"]
[WhiteElo "2316"]
[BlackElo "2539"]

1.Nf3 Nf6 2.c4 b6 3.g3 Bb7 4.Bg2 c5 5.O-O e6 6.Nc3 d6 7.Re1 Nbd7 8.d4 cxd4
9.Qxd4 a6 10.e4 Be7 11.b3 O-O 12.Ba3 Qc7 13.Red1 Nc5 14.e5 dxe5 15.Qxe5 Rfc8
16.Qxc7 Rxc7 17.Ne5 Bxg2 18.Kxg2 Kf8 19.Kf3 Ke8 20.Bb2 Rac8 21.Rd2 Nfd7 22.Nxd7 Rxd7
23.Rxd7 Kxd7 24.Rd1+ Kc6 25.Ne4 g6 26.Ke3 Ra8 27.Nc3 b5 28.cxb5+ axb5 29.Ra1 Rd8
30.Rd1 Ra8 31.Ra1 b4 32.Ne2 e5 33.Nc1 Kd5 34.Ne2 Ke6 35.Nc1 g5 36.f3 Nd7
37.Nd3 Nb6 38.g4 Nd5+ 39.Ke4 Bd6 40.Ne1 h5 41.h3 Nf4 42.Nd3 Nxh3 43.gxh5 Rh8
44.a3 Rxh5 45.axb4 Rh4+ 46.Ke3 Bxb4 47.Ra4 Nf4 48.Nxf4+ Rxf4 49.Ra6+ Kf5
50.Rc6 Rh4 51.Bc1 Rh1 52.Rc4 Ba5 53.Ke2 Rh2+ 54.Kd3 Rf2 55.Be3 Rxf3 56.Ke2 Rh3
57.b4 Bd8 58.Rc8 Be7 59.b5 Rh2+ 60.Kd3 Rb2 61.b6 Rb3+ 62.Ke2 Bd6 63.Rc6 Ke4
64.Rc4+ Kd5  0-1

[Event "TCh-Serbia"]
[Site "Zlatibor SCG"]
[Date "2006.08.29"]
[Round "4"]
[White "Pavlovic,Milo"]
[Black "Popov,Si1"]
[Result "1-0"]
[WhiteElo "2497"]
[BlackElo "2478"]

1.Nf3 Nf6 2.c4 c5 3.g3 b6 4.Bg2 Bb7 5.O-O e6 6.Nc3 a6 7.b3 d6 8.Bb2 Nbd7
9.e3 Be7 10.d4 cxd4 11.Nxd4 Bxg2 12.Kxg2 Qc7 13.f4 O-O 14.Qf3 Rac8 15.g4 g6
16.g5 Nh5 17.Rad1 Rfe8 18.Rd2 Bf8 19.Rfd1 Qb8 20.Nc6 Qc7 21.Ne5 Nc5 22.Ng4 Qc6
23.Ba3 Qxf3+ 24.Kxf3 d5 25.cxd5 exd5 26.Bxc5 Bxc5 27.Nxd5 Kg7 28.b4 Bf8 29.Nxb6 Rb8
30.Nd5 Bxb4 31.Nxb4 Rxb4 32.Rd7 Nxf4 33.Nf6 Rc8 34.exf4 h6 35.Rd8 Rc3+ 36.Kg2  1-0